[Event "36th Zalakaros Open 2017"]
[Site "Zalakaros HUN"]
[Date "2017.05.22"]
[Round "5.56"]
[White "Czupor, Attila"]
[Black "Terbe, Julianna"]
[Result "0-1"]
[BlackTitle "WFM"]
[WhiteElo "2230"]
[BlackElo "2258"]
[WhiteFideId "752495"]
[BlackFideId "708780"]
[EventDate "2017.05.18"]

1. e4 e5 2. Nf3 Nc6 3. Bb5 a6 4. Ba4 Nf6 5. O-O Be7 6. Re1 b5 7. Bb3 d6 8. c3
O-O 9. d4 Bg4 10. Be3 exd4 11. cxd4 Na5 12. Bc2 c5 13. h3 Bh5 14. Nbd2 cxd4 15.
Bxd4 Nc6 16. Be3 d5 17. g4 Bg6 18. e5 Ne4 19. Nb3 Rc8 20. Nfd4 Nxe5 21. f4 Nc4
22. f5 Bh4 23. Bxe4 Bxe1 24. Qxe1 Re8 25. Nd2 Nxe3 26. Qxe3 dxe4 27. fxg6 hxg6
28. Nf1 Rc4 29. Rd1 b4 30. Ng3 Qa5 31. Qb3 Qc5 32. Qe3 a5 33. Nge2 Qe5 34. Rd2
a4 35. b3 axb3 36. axb3 Rc7 37. Ra2 Rec8 38. Ra4 Rc3 39. Nxc3 Rxc3 40. Qf2 Rg3+
41. Kf1 f6 42. Ra8+ Kh7 43. Re8 Qd6 44. Re6 Qc7 45. Rxe4 Rxh3 46. Kg1 Qc1+ 47.
Qe1 Qh6 48. Kg2 Rh2+ 49. Kf3 Qh3+ 50. Kf4 Rg2 51. Qd1 Qg3# 0-1

[Event "36th Zalakaros Open 2017"]
[Site "Zalakaros HUN"]
[Date "2017.05.22"]
[Round "5.57"]
[White "Szalanczy, Emil"]
[Black "Hradeczky, Tamas"]
[Result "1-0"]
[WhiteTitle "IM"]
[BlackTitle "FM"]
[WhiteElo "2230"]
[BlackElo "2146"]
[WhiteFideId "700347"]
[BlackFideId "701467"]
[EventDate "2017.05.18"]

1. e4 Nf6 2. e5 Nd5 3. d4 d6 4. Nf3 dxe5 5. Nxe5 g6 6. Bc4 Be6 7. Qf3 c6 8. Nc3
Bg7 9. Ne4 O-O 10. O-O Nd7 11. Nxd7 Bxd7 12. c3 Qc7 13. Nc5 b6 14. Nd3 Bf5 15.
Nf4 Nf6 16. Re1 Rae8 17. Bd2 b5 18. Bf1 a6 19. h3 Bc8 20. Qg3 Qd8 21. Rad1 Kh8
22. Bc1 Nd5 23. Nd3 Qd6 24. f4 a5 25. Kh2 Bf5 26. Nc5 Bh6 27. Re5 f6 28. Rde1
Nxf4 29. Ne4 fxe5 30. Nxd6 exd6 31. Qh4 Bg7 32. Bxf4 exf4 33. Rxe8 Rxe8 34. Qxf4
Rd8 35. Be2 b4 36. Bg4 Bxg4 37. Qxg4 bxc3 38. bxc3 c5 39. h4 cxd4 40. cxd4 Bf6
41. Kh3 a4 42. Qf4 Kg7 43. g4 h6 44. g5 hxg5 45. hxg5 Be7 46. d5 Rh8+ 47. Kg2
Rh5 48. Qxa4 Rxg5+ 49. Kf3 Rxd5 50. Qd7 Rf5+ 51. Ke4 Kf6 52. a4 d5+ 53. Kd3 Bb4
54. Qc6+ Kg5 55. Qb6 Be7 56. Qe3+ Kf6 57. Qd4+ Ke6 58. a5 Rf3+ 59. Kc2 Ra3 60.
Qb6+ Kd7 61. Kb2 Bd6 62. Qb7+ Ke6 63. Qb6 d4 64. a6 d3 65. a7 d2 66. Kc2 Rc3+
67. Kxd2 Ra3 68. Kc2 1-0

[Event "36th Zalakaros Open 2017"]
[Site "Zalakaros HUN"]
[Date "2017.05.23"]
[Round "6.3"]
[White "Danin, Alexandre"]
[Black "Mikhalevski, Victor"]
[Result "1/2-1/2"]
[WhiteTitle "GM"]
[BlackTitle "GM"]
[WhiteElo "2543"]
[BlackElo "2520"]
[WhiteFideId "4144031"]
[BlackFideId "2801914"]
[EventDate "2017.05.18"]

1. e4 e5 2. Nf3 Nc6 3. d4 exd4 4. Nxd4 Nf6 5. Nxc6 bxc6 6. e5 Qe7 7. Qe2 Nd5 8.
c4 Ba6 9. Nd2 O-O-O 10. b3 f6 11. Bb2 fxe5 12. O-O-O Nf6 13. Qxe5 Qxe5 14. Bxe5
Ng4 15. Bd4 c5 16. h3 cxd4 17. hxg4 Bb7 18. f3 h6 19. Bd3 Bb4 20. Bg6 d5 21.
cxd5 Bxd5 22. Be4 1/2-1/2

[Event "36th Zalakaros Open 2017"]
[Site "Zalakaros HUN"]
[Date "2017.05.23"]
[Round "6.6"]
[White "Antal, Gergely"]
[Black "Markus, Robert"]
[Result "1/2-1/2"]
[WhiteTitle "GM"]
[BlackTitle "GM"]
[WhiteElo "2517"]
[BlackElo "2673"]
[WhiteFideId "717312"]
[BlackFideId "921637"]
[EventDate "2017.05.18"]

1. e4 d6 2. d4 Nf6 3. Nc3 e5 4. dxe5 dxe5 5. Qxd8+ Kxd8 6. Bg5 Be6 7. O-O-O+ Nd7
8. f4 exf4 9. Nf3 Kc8 10. Bxf4 Bc5 11. e5 Ng4 12. Ne4 Be3+ 13. Bxe3 Nxe3 14. Re1
Nxf1 15. Rhxf1 Kd8 16. Nd4 1/2-1/2

[Event "36th Zalakaros Open 2017"]
[Site "Zalakaros HUN"]
[Date "2017.05.23"]
[Round "6.8"]
[White "Saptarshi, Roy"]
[Black "Erdos, Viktor"]
[Result "1/2-1/2"]
[WhiteTitle "IM"]
[BlackTitle "GM"]
[WhiteElo "2407"]
[BlackElo "2614"]
[WhiteFideId "5008980"]
[BlackFideId "719978"]
[EventDate "2017.05.18"]

1. e4 e5 2. Nf3 Nc6 3. Bb5 a6 4. Ba4 Nf6 5. O-O Be7 6. Re1 b5 7. Bb3 d6 8. c3
O-O 9. d4 Bg4 10. d5 Na5 11. Bc2 c6 12. h3 Bc8 13. dxc6 Qc7 14. Nbd2 Qxc6 15.
Nf1 Be6 16. Ng3 Rfc8 17. Nh4 g6 18. Bg5 Nc4 19. Qf3 Kg7 20. Qe2 Nxb2 21. Nhf5+
Bxf5 22. exf5 Qc4 23. Bxf6+ Bxf6 24. Be4 Qxe2 25. Rxe2 Na4 26. Bxa8 Rxa8 27. Rd2
Rd8 28. Ne4 d5 29. Rad1 Nb6 30. g4 Be7 31. Kg2 gxf5 32. gxf5 f6 33. Kh1 Kf7 34.
Rd3 Ke8 35. Rg3 Kf7 36. Rgd3 Ke8 37. Rg3 Kf7 38. Rgd3 1/2-1/2

[Event "36th Zalakaros Open 2017"]
[Site "Zalakaros HUN"]
[Date "2017.05.23"]
[Round "6.10"]
[White "Prohaszka, Peter2"]
[Black "Gasanov, Eldar"]
[Result "1/2-1/2"]
[WhiteTitle "GM"]
[BlackTitle "GM"]
[WhiteElo "2596"]
[BlackElo "2484"]
[WhiteFideId "726265"]
[BlackFideId "14104466"]
[EventDate "2017.05.18"]

1. d4 f5 2. g3 Nf6 3. Bg2 g6 4. c4 Bg7 5. Nf3 O-O 6. O-O d6 7. Nc3 c6 8. d5 e5
9. dxe6 Bxe6 10. b3 Na6 11. Ng5 Qe7 12. Nxe6 Qxe6 13. Bb2 Rad8 14. Qc2 Rfe8 15.
Rad1 Nc5 16. e3 Rd7 17. b4 Nce4 18. Nxe4 Nxe4 19. Bxg7 Kxg7 20. Rd4 Nf6 21. Rfd1
a6 22. a4 Qe5 23. b5 axb5 24. cxb5 cxb5 25. axb5 Qxb5 26. Rxd6 Rxd6 27. Rxd6 Re7
28. Qc3 Qe5 29. Qxe5 Rxe5 30. Bxb7 Re7 31. Bf3 Ra7 32. Kg2 Rc7 33. h3 h5 34. Rb6
Re7 35. Rb4 Kf7 36. Rc4 Re5 37. Kf1 Re7 38. Ke2 Ra7 39. g4 hxg4 40. hxg4 Ra2+
41. Kf1 fxg4 42. Bxg4 Nxg4 43. Rxg4 Ra5 44. Kg2 g5 45. Rb4 Kg6 46. Rb6+ Kh5 47.
Kg3 Ra1 48. Rf6 Rg1+ 49. Kf3 Ra1 50. Ke4 Ra4+ 51. Kf3 Rb4 52. Ke2 g4 53. Kf1 Kg5
54. Rf8 Rb1+ 55. Kg2 Ra1 56. Rh8 Rb1 57. Rh1 Rb8 58. Kg3 Rf8 59. Rh7 Rf3+ 60.
Kg2 Rf8 61. Rg7+ Kh4 62. Kf1 Kh5 63. Ke2 Ra8 64. Rf7 Kg6 65. Rf4 Kg5 66. Kf1
Ra1+ 67. Kg2 Rb1 68. Ra4 Re1 69. Ra5+ Kh4 70. Rf5 Ra1 71. Rf8 Rb1 72. Rg8 Ra1
73. Rh8+ Kg5 74. Rh1 Ra8 75. Rb1 Rf8 76. Rb5+ Kh4 77. Rb4 Kg5 78. Rc4 Rf7 79.
Rc8 Rf6 80. Rc5+ Kh4 81. Rc4 Kg5 82. Rc8 Kh4 83. Kf1 Ra6 84. Rf8 Kg5 85. Kg2 Ra1
86. Rb8 Rc1 87. Rb5+ Kh4 88. Rf5 Ra1 89. Rf7 Rb1 90. Rf4 Kg5 91. Rf8 Kh4 92.
Rh8+ Kg5 93. Rh1 Rb8 94. Ra1 Kh4 95. Re1 Kg5 96. e4 Re8 97. Kg3 Re5 98. Re3 Re6
99. e5 Kf5 100. Re1 Kg5 101. Re4 Kf5 102. Rxg4 Kxe5 103. Ra4 Kf6 104. Kf4 Rb6
105. f3 Rc6 106. Kg4 Rb6 107. Rf4+ Kg7 108. Rf5 Rb4+ 109. Kg5 Rb6 110. Ra5 Rb7
111. f4 Rc7 112. Ra6 Rb7 113. f5 Rc7 114. Rg6+ Kf8 115. Rh6 Rg7+ 116. Rg6 Ra7
117. Rf6+ Kg7 118. Rb6 Kf7 119. Rh6 Kf8 120. Rh8+ Kg7 121. Re8 Kf7 122. Rb8 Rc7
123. Rh8 Kg7 124. Rh6 Rc1 125. Re6 Rg1+ 126. Kf4 Kf7 127. Re3 Kf6 128. Re6+ Kf7
129. Rg6 Rxg6 130. fxg6+ Kxg6 131. Ke4 1/2-1/2

[Event "36th Zalakaros Open 2017"]
[Site "Zalakaros HUN"]
[Date "2017.05.23"]
[Round "6.12"]
[White "Kollars, Dmitrij"]
[Black "Sanal, Vahap"]
[Result "1/2-1/2"]
[WhiteTitle "IM"]
[BlackTitle "GM"]
[WhiteElo "2503"]
[BlackElo "2533"]
[WhiteFideId "12909572"]
[BlackFideId "6300545"]
[EventDate "2017.05.18"]

1. e4 e5 2. Nf3 Nc6 3. Bb5 a6 4. Ba4 Nf6 5. O-O Be7 6. d3 b5 7. Bb3 d6 8. a3 Na5
9. Ba2 c5 10. Nc3 O-O 11. Nd5 Nxd5 12. Bxd5 Bb7 13. b4 Bxd5 14. exd5 Nb7 15. Be3
f5 16. bxc5 Nxc5 17. d4 exd4 18. Nxd4 Bf6 19. Rc1 Qd7 20. Qf3 g6 21. Nc6 Ne4 22.
c4 Rfe8 23. Rc2 Qg7 24. h3 Bc3 25. c5 dxc5 26. Bxc5 a5 27. d6 Bf6 28. Qb3+ Kh8
29. Qxb5 Qd7 30. Nd4 Rad8 31. Qxa5 Nxc5 32. Qxc5 Qxd6 33. Qxd6 Rxd6 34. Nb5 Ra6
35. Rfc1 Ra5 36. Nd6 Rf8 37. Rc7 Rxa3 38. Nf7+ Kg8 39. Nh6+ Kh8 40. Nf7+ Kg8 41.
Nh6+ Kh8 42. Nf7+ 1/2-1/2

[Event "36th Zalakaros Open 2017"]
[Site "Zalakaros HUN"]
[Date "2017.05.23"]
[Round "6.15"]
[White "Nemeth, Miklos1"]
[Black "Efimenko, Zahar"]
[Result "1/2-1/2"]
[WhiteTitle "IM"]
[BlackTitle "GM"]
[WhiteElo "2451"]
[BlackElo "2648"]
[WhiteFideId "720232"]
[BlackFideId "14107201"]
[EventDate "2017.05.18"]

1. e4 e5 2. Nf3 Nc6 3. Bc4 Bc5 4. c3 Nf6 5. d3 d6 6. O-O h6 7. Nbd2 O-O 8. Bb3
a6 9. h3 Be6 10. Re1 Re8 11. Nf1 d5 12. Ng3 dxe4 13. dxe4 Qxd1 14. Rxd1 Bxb3 15.
axb3 Rad8 16. Bd2 a5 17. Be1 g6 18. Kf1 Nd7 19. Ke2 Bb6 20. Kd3 f5 21. Kc2 f4
22. Nf1 Nc5 23. Rxd8 Rxd8 24. N1d2 Kg7 25. Nc4 Nxe4 26. Nfxe5 Nxe5 27. Nxe5 Re8
28. Nd3 Nxf2 29. Nxf4 g5 30. Bxf2 Bxf2 31. Nh5+ Kg6 32. g4 Re2+ 33. Kd3 Re3+ 34.
Kd2 Rxh3 35. Rxa5 Bb6 36. Re5 Kf7 37. b4 Rh2+ 38. Re2 Rxe2+ 39. Kxe2 Ke6 40. Kf3
Ke5 41. Ng3 c6 42. Ne4 Ba7 43. Nd2 b5 44. Nb3 Kd5 45. Na5 Bb6 46. b3 Bc7 47. c4+
bxc4 48. bxc4+ Kd4 49. Nxc6+ Kxc4 50. Ke4 Bd6 51. Kf5 Kb5 52. Nd8 Bxb4 53. Kg6
Bd2 54. Kxh6 Kc5 55. Kg6 Kd6 56. Kf6 Bc3+ 57. Kxg5 Ke7 58. Nc6+ Kf7 59. Kf5 1/2-1/2

[Event "36th Zalakaros Open 2017"]
[Site "Zalakaros HUN"]
[Date "2017.05.23"]
[Round "6.17"]
[White "Aleksandrov, Aleksej"]
[Black "Kozak, Adam"]
[Result "1/2-1/2"]
[WhiteTitle "GM"]
[BlackTitle "FM"]
[WhiteElo "2559"]
[BlackElo "2411"]
[WhiteFideId "13500139"]
[BlackFideId "753246"]
[EventDate "2017.05.18"]

1. d4 Nf6 2. c4 e6 3. Nc3 Bb4 4. e3 O-O 5. Bd3 d5 6. cxd5 exd5 7. Ne2 Re8 8. Bd2
c5 9. a3 Bxc3 10. Bxc3 c4 11. Bc2 Nc6 12. O-O b5 13. b3 Ne4 14. bxc4 bxc4 15.
Be1 Rb8 16. f3 Nd6 17. Bf2 Bf5 18. Ba4 Nb5 19. Rc1 a6 20. Re1 Rc8 21. e4 dxe4
22. Bxb5 axb5 23. Nc3 e3 24. Rxe3 Rxe3 25. Bxe3 b4 26. axb4 1/2-1/2

[Event "36th Zalakaros Open 2017"]
[Site "Zalakaros HUN"]
[Date "2017.05.23"]
[Round "6.18"]
[White "Kantor, Gergely"]
[Black "Havasi, Gergo"]
[Result "1/2-1/2"]
[WhiteTitle "IM"]
[WhiteElo "2481"]
[BlackElo "2402"]
[WhiteFideId "751499"]
[BlackFideId "760293"]
[EventDate "2017.05.18"]

1. d4 d5 2. c4 c6 3. e3 Bf5 4. Nc3 e6 5. g4 Bg6 6. Nge2 h6 7. Nf4 Bh7 8. h4 Be7
9. Nh5 Kf8 10. Qb3 Na6 11. c5 Rb8 12. e4 dxe4 13. Bf4 Nc7 14. O-O-O b5 15. Bg2
Rc8 16. Nxe4 Bxe4 17. Bxe4 Nd5 18. Be5 Ngf6 19. Nxf6 Bxf6 20. f4 Bxh4 21. Rdg1
Bf6 22. g5 Bxe5 23. fxe5 g6 24. gxh6 Ne7 25. Qe3 Rh7 26. Rh2 Rc7 27. Rd2 1/2-1/2

[Event "36th Zalakaros Open 2017"]
[Site "Zalakaros HUN"]
[Date "2017.05.23"]
[Round "6.19"]
[White "Hemant, Sharma2"]
[Black "Czebe, Attila"]
[Result "1/2-1/2"]
[BlackTitle "GM"]
[WhiteElo "2380"]
[BlackElo "2475"]
[WhiteFideId "5025842"]
[BlackFideId "705268"]
[EventDate "2017.05.18"]

1. Nf3 b6 2. g3 Bb7 3. Bg2 g6 4. c4 c5 5. Nc3 Bg7 6. O-O Nc6 7. e3 Nh6 8. d4 O-O
9. d5 Na5 10. Qd3 Ba6 11. b3 e6 12. Bb2 e5 13. Nd2 d6 14. a3 Bc8 15. Rae1 Bd7
16. f4 exf4 17. exf4 Re8 18. Rxe8+ Qxe8 19. Nd1 Bf5 20. Be4 Bh3 21. Bg2 Bxg2 22.
Kxg2 Bxb2 23. Nxb2 Qe7 24. Nd1 Re8 25. b4 Nb7 26. Nf2 cxb4 27. axb4 a5 28. bxa5
Nc5 29. Qc3 Qe2 30. axb6 Nf5 31. Kg1 h5 32. Ra1 Kh7 33. b7 Nxb7 34. Nf1 Nc5 35.
Nh3 Ne4 36. Ng5+ Nxg5 37. fxg5 h4 38. gxh4 Qg4+ 39. Ng3 Nxh4 40. Rf1 Nf5 41. Qf3
Qxg5 42. Qf4 Qxf4 43. Rxf4 Nxg3 44. hxg3 Kg7 45. Kf2 g5 46. Rg4 Kg6 47. c5 dxc5
48. Rc4 Rc8 49. d6 Rd8 50. Rxc5 Rxd6 51. g4 Rd7 52. Kf3 f6 53. Rc6 Kf7 54. Ra6
Ke7 55. Ke4 Rd6 56. Ra7+ Ke6 57. Ra4 Rb6 58. Ra3 Rb4+ 59. Kf3 Rf4+ 60. Kg3 Rd4
61. Re3+ Kd7 62. Kf3 Kd6 63. Kg3 Kc5 64. Rf3 Rd6 65. Rf5+ Kd4 66. Kf3 Ra6 67.
Kg3 Ke4 68. Kg2 1/2-1/2

[Event "36th Zalakaros Open 2017"]
[Site "Zalakaros HUN"]
[Date "2017.05.23"]
[Round "6.20"]
[White "Del Rey, Diego"]
[Black "Horvath, Adam1"]
[Result "1/2-1/2"]
[WhiteTitle "IM"]
[BlackTitle "GM"]
[WhiteElo "2352"]
[BlackElo "2469"]
[WhiteFideId "102164"]
[BlackFideId "708003"]
[EventDate "2017.05.18"]

1. d4 Nf6 2. Nf3 e6 3. g3 c5 4. Bg2 Nc6 5. O-O cxd4 6. Nxd4 Qb6 7. Nb3 Be7 8. c4
d6 9. Nc3 O-O 10. Bf4 a6 11. Bxd6 Rd8 12. c5 Qa7 13. Ne4 Nxe4 14. Bxe4 Bxd6 15.
cxd6 Bd7 16. Qd3 h6 17. Rfd1 Rac8 18. Rac1 Nb4 19. Qd2 Rxc1 20. Nxc1 Qb6 21. Qd4
Qxd4 22. Rxd4 Nc6 23. Rd2 b6 24. Nb3 Be8 25. f4 a5 26. a3 Na7 27. Kf2 Nb5 28. d7 1/2-1/2

[Event "36th Zalakaros Open 2017"]
[Site "Zalakaros HUN"]
[Date "2017.05.23"]
[Round "6.24"]
[White "Meszaros, Tamas"]
[Black "Stupak, Kirill"]
[Result "1/2-1/2"]
[WhiteTitle "IM"]
[BlackTitle "GM"]
[WhiteElo "2401"]
[BlackElo "2560"]
[WhiteFideId "717410"]
[BlackFideId "13503758"]
[EventDate "2017.05.18"]

1. e4 e6 2. d4 d5 3. Nd2 Nc6 4. Ngf3 Nf6 5. e5 Nd7 6. Bd3 f6 7. Ng5 Ndxe5 8.
dxe5 fxg5 9. Qh5+ g6 10. Bxg6+ Kd7 11. c4 Nxe5 12. Bc2 Bd6 13. f4 Ng6 14. f5 Nf4
15. fxe6+ Kc6 16. cxd5+ Nxd5 17. Qe2 a6 18. Nb3 Kb6 19. Qf2+ c5 20. Bd2 Qe7 21.
O-O-O Bxe6 22. Rhe1 Qf7 23. Qxf7 Bxf7 24. Be4 Rae8 25. Bxg5 h6 26. Bd2 Bxh2 27.
Rf1 Rxe4 28. Rxf7 Re7 29. Rf5 Re5 30. Rxe5 Bxe5 31. Bxh6 Rxh6 32. Rxd5 Bd6 33.
Nd2 Kc6 34. Rg5 Rf6 35. g3 Re6 36. Kc2 b5 37. Rg4 Re3 38. Rg6 Kd5 39. g4 c4 40.
a3 Re2 41. Rg8 Rg2 42. g5 Bf4 43. Rd8+ Kc6 44. g6 Rxg6 45. Rf8 Be3 46. Rf3 Bd4
47. Rf4 Kd5 48. Rf5+ Ke6 49. Rf4 Ke5 50. Re4+ Kd5 51. Re2 Rg3 52. Ne4 Rb3 53.
Nc3+ Bxc3 54. bxc3 Rxa3 55. Kb2 Rb3+ 56. Kc2 a5 57. Re8 Kc6 58. Re6+ Kc7 59.
Re7+ Kd6 60. Re8 b4 61. cxb4 axb4 62. Rc8 Kd5 63. Rd8+ Ke4 64. Re8+ Kd4 65. Rd8+
Ke3 66. Re8+ Kf2 67. Re4 Rc3+ 68. Kb2 Kg3 69. Rd4 Kf2 70. Re4 Kf3 71. Rh4 Ke2
72. Rh2+ Ke1 73. Rh1+ Kf2 74. Rh4 Ke3 75. Rh3+ Kd4 76. Rxc3 bxc3+ 77. Kc2 Kc5
78. Kxc3 1/2-1/2

[Event "36th Zalakaros Open 2017"]
[Site "Zalakaros HUN"]
[Date "2017.05.23"]
[Round "6.25"]
[White "Almasi, Istvan"]
[Black "Aczel, Gergely"]
[Result "1/2-1/2"]
[WhiteTitle "IM"]
[BlackTitle "IM"]
[WhiteElo "2398"]
[BlackElo "2546"]
[WhiteFideId "701742"]
[BlackFideId "727709"]
[EventDate "2017.05.18"]

1. e4 c5 2. Nf3 e6 3. d4 cxd4 4. Nxd4 a6 5. Be2 Nf6 6. Nc3 d6 7. O-O Be7 8. f4
Qc7 9. Be3 O-O 10. a4 Nc6 1/2-1/2

[Event "36th Zalakaros Open 2017"]
[Site "Zalakaros HUN"]
[Date "2017.05.23"]
[Round "6.29"]
[White "Rudolf, Michal"]
[Black "Plenca, Jadranko"]
[Result "1/2-1/2"]
[WhiteTitle "FM"]
[BlackTitle "IM"]
[WhiteElo "2340"]
[BlackElo "2446"]
[WhiteFideId "1106210"]
[BlackFideId "14527146"]
[EventDate "2017.05.18"]

1. e4 e5 2. Nf3 Nc6 3. Bb5 a6 4. Ba4 Nf6 5. O-O Be7 6. Re1 b5 7. Bb3 d6 8. a4 b4
9. d4 Bg4 10. dxe5 Nxe5 11. Nbd2 Qc8 12. Qe2 O-O 13. Qe3 Nfd7 14. Nxe5 dxe5 15.
Qg3 Nc5 1/2-1/2

[Event "36th Zalakaros Open 2017"]
[Site "Zalakaros HUN"]
[Date "2017.05.23"]
[Round "6.31"]
[White "Frolov, Artur"]
[Black "Rajdeep, Sarkar"]
[Result "1/2-1/2"]
[WhiteTitle "IM"]
[BlackTitle "FM"]
[WhiteElo "2410"]
[BlackElo "2312"]
[WhiteFideId "14100134"]
[BlackFideId "25007963"]
[EventDate "2017.05.18"]

1. e4 e5 2. Nf3 Nc6 3. Bb5 g6 4. c3 a6 5. Ba4 d6 6. d4 Bd7 7. Bg5 f6 8. Be3 Nh6
9. h3 Nf7 10. O-O Bg7 11. dxe5 fxe5 12. c4 O-O 13. Nc3 Re8 14. Qd2 Qc8 15. Rac1
Nfd8 16. c5 dxc5 17. Bxc5 Ne6 18. Nd5 Nxc5 19. Rxc5 Qd8 20. Rd1 Rc8 21. Bxc6
Bxc6 22. Qc2 Re6 23. Nb4 Bd7 24. Ng5 Qxg5 25. Rxd7 Bf8 26. Qc4 Bxc5 27. Qxe6+
Kh8 28. Nd3 Rf8 29. Rxc7 Rxf2 30. Nxf2 Qc1+ 31. Kh2 Qf4+ 32. Kh1 Qc1+ 33. Kh2
Qf4+ 1/2-1/2

[Event "36th Zalakaros Open 2017"]
[Site "Zalakaros HUN"]
[Date "2017.05.23"]
[Round "6.32"]
[White "Rahul, Srivatshav P"]
[Black "Manea, Alexandru"]
[Result "1/2-1/2"]
[BlackTitle "IM"]
[WhiteElo "2303"]
[BlackElo "2410"]
[WhiteFideId "25059653"]
[BlackFideId "1207660"]
[EventDate "2017.05.18"]

1. d4 Nf6 2. c4 c5 3. d5 e6 4. Nc3 exd5 5. cxd5 Bd6 6. Nf3 O-O 7. g3 Re8 8. Bg2
Bf8 9. d6 h6 10. O-O Re6 11. e4 Nc6 12. e5 Nxe5 13. Nxe5 Rxe5 14. Bf4 Re6 15.
Bh3 g5 16. Bxe6 dxe6 17. Be3 Qxd6 18. f4 g4 19. Qxd6 Bxd6 20. Rad1 Be7 21. f5
exf5 22. Bxh6 Be6 23. Bf4 Kf8 24. Rfe1 Rc8 25. a3 Rc6 26. Nb5 a6 27. Nc7 b5 28.
Nxe6+ fxe6 29. a4 b4 30. b3 Nd5 31. Be5 Bg5 32. Bb2 Kf7 33. Rd3 c4 34. bxc4 Rxc4
35. Re2 Bd8 36. h3 gxh3 37. Kh2 Bc7 38. Kxh3 Bb6 39. Rf3 Bc7 40. Rd3 Bb6 41. Rf3
Ba7 42. Rd2 Ke7 43. Re2 Kd7 44. Rd2 Bb6 45. Rfd3 Kd6 46. Re2 Bc5 47. Be5+ Kd7
48. Bb2 Kd6 49. Be5+ Kd7 50. Bb2 Bb6 51. Kh2 Rg4 52. Be5 Rc4 53. Bb2 Rg4 54. Be5
Rc4 1/2-1/2

[Event "36th Zalakaros Open 2017"]
[Site "Zalakaros HUN"]
[Date "2017.05.23"]
[Round "6.33"]
[White "Juhasz, Armin"]
[Black "Tate, Alan"]
[Result "1/2-1/2"]
[WhiteTitle "IM"]
[BlackTitle "FM"]
[WhiteElo "2410"]
[BlackElo "2320"]
[WhiteFideId "724270"]
[BlackFideId "2401878"]
[EventDate "2017.05.18"]

1. Nf3 c5 2. c4 Nf6 3. Nc3 d5 4. cxd5 Nxd5 5. e3 Nxc3 6. bxc3 g6 7. Bb5+ Bd7 8.
Bc4 Nc6 9. h4 Bg7 10. h5 Na5 11. Be2 c4 12. Ba3 Rc8 13. Qb1 b5 14. hxg6 hxg6 15.
Rxh8+ Bxh8 16. Qe4 Bf5 17. Qf4 Qd5 18. Nd4 Bd7 19. Qh4 Bf6 20. Qh7 Kf8 21. Bf3
Qg5 22. Bb4 Nc6 23. Nxc6 Bxc6 24. Qh3 Rc7 25. Bxc6 Rxc6 26. Qf3 Ra6 27. g4 Qe5
28. Ke2 Bh4 29. Rh1 g5 30. a3 Rf6 31. Qa8+ Kg7 32. Rf1 a5 33. Bxa5 Qh2 34. Qe4
Rxf2+ 35. Rxf2 Qxf2+ 36. Kd1 Bg3 37. Bb6 Bd6 38. Bd4+ f6 39. Kc2 Qf1 40. Qd5
Qd3+ 41. Kd1 Qf1+ 42. Kc2 Qd3+ 43. Kd1 Bxa3 44. Qxg5+ Kf8 45. Qf5 Qxf5 46. gxf5
e5 47. fxe6 Ke7 1/2-1/2

[Event "36th Zalakaros Open 2017"]
[Site "Zalakaros HUN"]
[Date "2017.05.23"]
[Round "6.34"]
[White "Horvath, Dominik"]
[Black "Cuhendi, Sean Winshand"]
[Result "1/2-1/2"]
[WhiteTitle "FM"]
[BlackTitle "IM"]
[WhiteElo "2275"]
[BlackElo "2407"]
[WhiteFideId "1642561"]
[BlackFideId "7101554"]
[EventDate "2017.05.18"]

1. d4 d5 2. c4 Nc6 3. Nc3 Nf6 4. Nf3 dxc4 5. e4 Bg4 6. Be3 e6 7. Bxc4 Bb4 8. Qd3
O-O 9. Bb5 Bxc3+ 10. bxc3 Nd7 11. Nd2 f5 12. f3 fxe4 13. Nxe4 Bf5 14. O-O a6 15.
Bxc6 Ne5 16. Qb1 Nxc6 17. Qxb7 Na5 18. Qb4 Qd5 19. Nd2 Rab8 20. Qa4 Bd3 21. c4
Nxc4 22. Nxc4 Bxc4 23. Rfc1 Rb2 24. Rxc4 Rxg2+ 25. Kxg2 Qxf3+ 26. Kg1 Qxe3+ 27.
Kh1 Qe2 28. Rcc1 Qe4+ 29. Kg1 Qg6+ 30. Kh1 Qe4+ 31. Kg1 1/2-1/2

[Event "36th Zalakaros Open 2017"]
[Site "Zalakaros HUN"]
[Date "2017.05.23"]
[Round "6.38"]
[White "Beletic, Daniel"]
[Black "Paschall, William M."]
[Result "1/2-1/2"]
[WhiteTitle "FM"]
[BlackTitle "IM"]
[WhiteElo "2315"]
[BlackElo "2380"]
[WhiteFideId "14602709"]
[BlackFideId "2005379"]
[EventDate "2017.05.18"]

1. Nf3 c5 2. c4 Nc6 3. b3 Nf6 4. g3 b6 5. Bg2 Bb7 6. O-O d5 7. Bb2 dxc4 8. bxc4
Qd7 9. e3 e6 10. Qe2 Be7 11. Rd1 O-O 12. d4 cxd4 13. exd4 Rfe8 14. Nc3 Rad8 15.
Ne5 Qc8 16. Nb5 Nxe5 17. dxe5 Nd7 18. Nxa7 Qa8 19. Bxb7 Qxb7 20. Nb5 Nc5 21. Bd4
Qc6 22. Rab1 Ra8 23. Rd2 Rec8 24. Qe3 Ne4 25. Rdb2 Ng5 26. h4 Nf3+ 27. Kf1 Nxd4
28. Qxd4 Bc5 29. Qf4 Rxa2 30. Rxa2 Qh1+ 31. Ke2 Qxb1 32. Ra7 Rf8 33. Nd6 Bb4 34.
Ne4 Qe1+ 35. Kf3 Qh1+ 36. Kg4 Qd1+ 37. f3 h6 38. Kh5 Qd8 39. Nf6+ Kh8 40. Ne4
Be7 41. Kg4 Kg8 1/2-1/2

[Event "36th Zalakaros Open 2017"]
[Site "Zalakaros HUN"]
[Date "2017.05.23"]
[Round "6.39"]
[White "Kosakowski, Jakub"]
[Black "Pacan-Milej, Kosma"]
[Result "1/2-1/2"]
[WhiteTitle "FM"]
[BlackTitle "FM"]
[WhiteElo "2369"]
[BlackElo "2317"]
[WhiteFideId "1185080"]
[BlackFideId "21800537"]
[EventDate "2017.05.18"]

1. e4 d6 2. d4 Nf6 3. Nc3 e5 4. Nf3 Nbd7 5. Bc4 Be7 6. a4 O-O 7. O-O a5 8. Re1
b6 9. b3 Bb7 10. Ba3 h6 11. dxe5 dxe5 12. Bxe7 Qxe7 13. Nh4 Rfd8 14. Qf3 Kh7 15.
Nf5 Qf8 16. Rad1 g6 17. Ne3 c6 18. Qh3 Nc5 19. Qh4 Kg7 20. f4 Rxd1 21. Rxd1 exf4
22. Qxf4 Re8 23. e5 Nh5 24. Qd4 Qe7 25. e6+ Nf6 26. Ng4 fxe6 27. Ne5 Kh7 28. Rf1
Rf8 29. Ne2 Nd5 30. Rxf8 Qxf8 31. Bxd5 exd5 32. Nf4 Qf6 33. Nfxg6 Bc8 34. Nf4
Bf5 35. Nf3 Qxd4+ 36. Nxd4 Bd7 37. Kf2 Kg7 38. Ke3 Kf6 39. g3 Nb7 40. c3 Nd6 41.
Nf3 1/2-1/2